01226 a2200205 4500003000500000005001700005040000900022082001600031100003200047245009900079260003200178300001300210505044100223600003200664650003000696942002500726999001900751952012500770952012500895NUST20221229171843.0 cNust a356.113,AHM aAhmad, Nadeem Rifat9106437 aThe Gallant One :bWar Services of First Battalion The Baloch Regiment /c Nadeem Rifat Ahmad, aRawalpindibBattalionc2012 a236 p .; aThe Second Kandy War (Page-1), The Naning War (Page-12), Pacification of Upper Burma (Page-17), The Assault Landing at Sheikh (Page-27), Defence of the Suez Canal (Page-34), The Gallipoli Campaign (Page-39), The Western Front (Page-45), The North West Frontier (Page-74), The Campaign In Malaya (Page-81), The Kashmir War (Page-118), The September War (Page-127), The Shakargarh Salient (Page-147), The Sianchen Conflict (Page-153).  aAhmad, Nadeem Rifat9106437 a Baloch Regiment 9106438 2ddccBKk356.113,AHM c198633d198633 00102ddc4070aMCSbMCScGENd2016-12-12o356.113,AHMpMCS36835r2016-12-08w2016-12-12yBKzAlmirah No.53, Shelf No.4 00102ddc4070aMCSbMCScGENd2016-12-12o356.113,AHMpMCS36836r2016-12-08w2016-12-12yBKzAlmirah No.74, Shelf No.2